| 000 | 00646nam a22002057a 4500 | ||
|---|---|---|---|
| 999 |
_c19985 _d19985 |
||
| 003 | AR-CdUCM | ||
| 008 | 190524b ||||| |||| 00| 0 spa d | ||
| 040 |
_aMUNICIPALIDAD PROVINCIAL DEL CUSCO _cBIBLIOTECA MUNICIPAL DEL CUSCO |
||
| 082 |
_a848.813 / _bD23 |
||
| 100 |
_aDaudet, Alfonso _941812 |
||
| 245 | _aCartas desde mi molino / | ||
| 260 |
_aBuenos Aires : _bSopena, _c1942. |
||
| 300 | _a155 páginas : | ||
| 440 |
_aColección Orbe _941813 |
||
| 505 | _aContenido : cartas, La diligencia de Beaucaire -- El secreto de Maitre Cornille... | ||
| 650 |
_aLiteratura _983 |
||
| 650 |
_aCartas _9213 |
||
| 942 |
_2ddc _cLIBROS |
||
| 945 | _arcc | ||